| 000 | 00355nam a2200121Ia 4500 | ||
|---|---|---|---|
| 008 | 170224s9999 xx 000 0 und d | ||
| 245 | _aSpecifying Melodic Features for Classical and Non-Classical Melody Evaluation | ||
| 260 | _bPhilippine Computing Journal | ||
| 260 | _c2013 | ||
| 300 | _aVIII:1 | ||
| 500 | _aAugust | ||
| 650 | _xInformation Technology | ||
| 999 |
_c315873 _d315873 |
||